Introducción a la política internacional
Uloženo v:
| Hlavní autoři: | , |
|---|---|
| Médium: | Kniha |
| Jazyk: | španělština |
| Vydáno: |
Madrid
Rialp
1968
|
| Edice: | Manuales de la Biblioteca del Pensamiento Actual, 18
|
| Témata: | |
| Tagy: |
Přidat tag
Žádné tagy, Buďte první, kdo vytvoří štítek k tomuto záznamu!
|
MARC
| LEADER | 00000nam a2200000 a 4500 | ||
|---|---|---|---|
| 001 | UCT7814 | ||
| 003 | CL-VaPUC | ||
| 008 | 970317e19680000SP |||||||||||||||||spa|d | ||
| 082 | 0 | 4 | |a 327.1 |b REN |2 21 |
| 100 | 0 | |a Renouvin, Pierre |e author |9 378983 | |
| 700 | 0 | |a Duroselle, Jean-Baptiste |e author |9 378984 | |
| 245 | 1 | 0 | |a Introducción a la política internacional |
| 300 | |a 593 p | ||
| 942 | |c BK | ||
| 945 | |d 19970317 00:00:00 |a paguirre | ||
| 260 | |a Madrid |b Rialp |c 1968 | ||
| 650 | 0 | |a Política internacional |9 255813 | |
| 650 | 0 | |a Ciencias Políticas |9 255201 | |
| 650 | 0 | |a Geografía |9 259346 | |
| 650 | 0 | |a Demografía |9 260008 | |
| 650 | 0 | |a Economía |9 255568 | |
| 650 | 7 | |a RELACIONES ECONOMICAS EXTERIORES |2 CL-VaPUC |9 259071 | |
| 650 | 7 | |a NACIONALISMO |2 CL-VaPUC |9 378985 | |
| 650 | 0 | |a Paz |9 259242 | |
| 650 | 0 | |a Estado |9 255503 | |
| 583 | |a last modification |c 19970317 00:00:00 |k Rodrigo Vera | ||
| 490 | 0 | |a Manuales de la Biblioteca del Pensamiento Actual, 18 | |
| 999 | |c 256361 |d 256359 | ||
| 952 | |0 0 |1 0 |4 0 |6 327_100000000000000_REN_1968 |7 0 |8 A |9 279054 |a BIBDER |b BIBDER |d 2019-11-19 |i 1808079 |o 327.1 REN 1968 |p 1808079 |r 2023-01-25 |w 2019-11-19 |y BK |k DER | ||